| 000 | 00370nam a2200145Ia 4500 | ||
|---|---|---|---|
| 005 | 20250729165747.0 | ||
| 008 | 250729s2012 xx 000 0 und d | ||
| 041 | _aeng | ||
| 082 | _a372.25 NORS | ||
| 100 |
_aNorber Minezes _9232341 |
||
| 245 | _aStandout amoung the rest | ||
| 260 |
_aPatna _bPrabhath Prakashan _c2012 |
||
| 300 | _a144p | ||
| 650 |
_aEducation _9232342 |
||
| 999 |
_c239734 _d239734 |
||